Ley reguladora del mercado de valores reformas al codigo de comercio (Registro nro. 847)
[ vista simple ]
| 000 -Cabecera | |
|---|---|
| Campo de control de longitud fija | 00690aam a2200265 4500 |
| 005 - Fecha y hora de la última transacción | |
| Campo de control | 20250729140112.0 |
| 008 - Elementos de longitud fija--Información general | |
| Campo de control de longitud fija | 150223b1998 xxu||||| |||| 00| 0 eng d |
| 020 ## - International Standard Book Number | |
| Número Internacional Estándar del Libro (ISBN) | 9977945829 |
| 041 ## - Idioma | |
| Código de idioma | Español |
| 082 ## - Clasificación Decimal Dewey | |
| Número de clasificación | 332.642 C8374L |
| 100 ## - Entrada principal--Autor personal | |
| Nombre personal | Costa Rica. Leyes, decretos, etc |
| 245 ## - Título propiamente dicho | |
| Título | Ley reguladora del mercado de valores reformas al codigo de comercio |
| 250 ## - Edición | |
| Mención de edición | 2 ed. |
| 260 ## - Pie de imprenta | |
| Lugar de publicación, distribución, etc. | CR |
| 260 ## - Pie de imprenta | |
| Nombre del editor, distribuidor, etc. | Editec Editores |
| 260 ## - Pie de imprenta | |
| Fecha de publicación, distribución, etc. | 1998 |
| 300 ## - Descripción física | |
| Extensión | 132 |
| 490 ## - Serie | |
| Título de la Serie | Dirección y Administración de Empresas |
| 650 ## - Materia general | |
| Temática (materia general) | COSTA RICA |
| 650 ## - Materia general | |
| Temática (materia general) | MERCADO DE VALORES |
| 650 ## - Materia general | |
| Temática (materia general) | BOLSA DE VALORES |
| 650 ## - Materia general | |
| Temática (materia general) | COMERCIO |
| 650 ## - Materia general | |
| Temática (materia general) | LEGISLACIÓN |
| 942 ## - Punto de acceso adicional KOHA | |
| Tipo de ítem KOHA | Libro |
| Fuente del sistema de clasificación o colocación | Dewey Decimal Classification |
| Signatura completa | Código de barras | Programa Académico | Tipo de ítem |
|---|---|---|---|
| 332.642 C8374L | 3837 | Dirección y Administración de Empresas | Libro |